000 00905cam a22002771 4500
999 _c20412
_d20412
001 10334163
003 BDDh-ASL
005 20231015025903.0
008 750815s1965 nyub b 000 0 eng
010 _a 65012192
035 _a(OCoLC)1550702
040 _aDLC
_cF
_dOCoLC
_dDLC
_dBDDh-ASL
042 _apremarc
050 0 0 _aBP173.5
_b.P7
082 _a297.09
_bPRI
100 1 _aProctor, J. Harris
_q(Jesse Harris),
_eed.
245 1 0 _aIslam and international relations /
_cedited by J. Harris Proctor.
260 _aNew York:
_bPraeger
_c[1965]
300 _aviii, 221 p.
_bmap.
_c22 cm.
500 _aPapers originally presented at a conference held at Duke University, June 10 to 13, 1963.
504 _aIncludes bibliographical references.
650 0 _aIslam and world politics.
710 2 _aDuke University.
906 _a7
_bcbc
_coclcrpl
_du
_encip
_f19
_gy-gencatlg
942 _2ddc
_cBK